Datum a čas kvízu
29
Celkem bodů
Celkový počet nahraných bodů na tomto kvízu bez doplňovacích otázek.
5.
Pořadí na kvízu
Konečné umístění týmu na tomto kvízu.
Zaznamenané odpovědi
| # | Otázka | Odpověď | Body | Výsledky |
|---|---|---|---|---|
| 1. | Bývalý fotbalista Tomáš Řepka... | 2,5 roku | 1 | |
| 2. | Bílý dům chtěl po americkém ná... | John McCain | 0 | |
| 3. | V úterý byly před zlínským Vel... | Helena Vondráčková, Jan Hrušínský | 0 | |
| 4. | Italsko-americká automobilka F... | Renault | 0 | |
| 5. | Fotbalový klub z Birminghamu s... | Aston Villa | 0 | |
| 6. | Začneme složením vzduchu. Že j... | 1C 2D 3B 4A | 0 | |
| 7. | Kvalitě vzduchu v restauracích... | 2. čtvrtletí 2017 | 1 | |
| 8. | Seřaďte první čtyři vrstvy atm... | 1A 2C 3B 4D | 1 | |
| 9. | Pod čísly 1 a 2 vidíme označen... | okluzní fronta | 1 | |
| 10. | Jak se nazývá dýchací systém n... | vzdušnice | 1 |